Kunstwerke - Bildquiz #1 - Statistiken

Allgemein
  • Dieses Quiz wurde 3.704 mal gespielt
    2.409 seit der letzten Aktualisierung
  • Das Durchschnittsergebnis liegt bei 7 aus 15
Antwortstatistiken
Bildquiz Antwort % Korrekt
Vincent Van Gogh /
Sternennacht
90%
Leonardo da Vinci /
Das letzte Abendmahl
84%
Salvador Dalí /
Die Beständigkeit der Erinnerung
61%
Michelangelo /
Die Erschaffung Adams
60%
Andy Warhol /
Shot Marilyns
58%
Caspar David Friedrich /
Der Wanderer über dem Nebelmeer
54%
Gustav Klimt /
Der Kuss
50%
Jan Vermeer /
Das Mädchen mit dem Perlenohrring
50%
Frida Kahlo /
Die zwei Fridas
49%
Albrecht Dürer /
Feldhase
48%
Rembrandt /
Die Nachtwache
39%
Eugene Delacroix /
Die Freiheit führt das Volk
15%
Hieronymus Bosch /
Der Garten der Lüste
15%
Peter Paul Rubens /
Venus und Adonis
15%
Käthe Kollwitz /
Trauernde Eltern
5%
Keine übereinstimmenden Quizze gefunden
Verteilung der Resultate
Anzahl Personen mit jedem Resultat
Perzentil nach korrekt beantworteten Fragen
Ihre Resultats-Entwicklung
Sie haben dieses Quiz seit der letzten Aktualisierung nicht gespielt